000 00546nam a22001457a 4500
003 SISC
005 20160830162600.0
008 160830b xxu||||| |||| 00| 0 eng d
050 _aHQ 35
_b.Se91 2000
245 _aSex-talk with kids & teens :
_btraining parents as educators on the truth & meaning of human sexuality /
_cMarlon C. Ramirez, Chief Editor.
260 _aQuezon City :
_bECFL-CBCP and HLI-Asia,
_c2000.
300 _a255 pages :
_billustrations ;
_c29 cm.
500 _aIncludes bibliographical references and index.
942 _2lcc
_cBK
999 _c300764
_d300764